000
00308pab a2200121 454500
008
180718b xxu||||| |||| 00| 0 eng d
100
_a
Khusro, A.M
245
_a
India's external debts - need for efficient BOP management
650
_a
Debt
650
_a
Finance
773
_a
Financial Express
909
_a
24079
999
_c
24079
_d
24079